| 000 -LEADER |
| fixed length control field |
01201nam a22001577a 4500 |
| 008 - FIXED-LENGTH DATA ELEMENTS--GENERAL INFORMATION |
| fixed length control field |
201014b ||||| |||| 00| 0 eng d |
| 100 ## - MAIN ENTRY--PERSONAL NAME |
| Personal name |
Zimmermann, Florian |
| 245 ## - TITLE STATEMENT |
| Title |
The dynamics of motivated beliefs |
| 260 ## - PUBLICATION, DISTRIBUTION, ETC. (IMPRINT) |
| Place of publication, distribution, etc |
The American Economic Review |
| 300 ## - PHYSICAL DESCRIPTION |
| Extent |
260 & 773,a) 110(2), Feb, 2020: p.337-361 |
| 520 ## - SUMMARY, ETC. |
| Summary, etc |
A key question in the literature on motivated reasoning and self-deception is how motivated beliefs are sustained in the presence of feedback. In this paper, we explore dynamic motivated belief patterns after feedback. We establish that positive feedback has a persistent effect on beliefs. Negative feedback, instead, influences beliefs in the short run, but this effect fades over time. We investigate the mechanisms of this dynamic pattern, and provide evidence for an asymmetry in the recall of feedback. Finally, we establish that, in line with theoretical accounts, incentives for belief accuracy mitigate the role of motivated reasoning. – Reproduced |
| 650 ## - SUBJECT ADDED ENTRY--TOPICAL TERM |
| Topical term or geographic name as entry element |
Decision making, Learning, Information and knowledge, Communication, Belief, Unawareness |
| 9 (RLIN) |
18624 |
| 906 ## - LOCAL DATA ELEMENT F, LDF (RLIN) |
| Subject DIP |
BEHAVIORAL ECONOMICS |
| 942 ## - ADDED ENTRY ELEMENTS (KOHA) |
| Item type |
Articles |